| 000 | 01015nam0a22002891 4500 | ||
|---|---|---|---|
| 001 | v19\rc\1395201 | ||
| 005 | 20060512124530.6 | ||
| 035 | _a(NLR Aleph) 004526659 | ||
| 090 |
_a4921984 _c4921985 |
||
| 100 | _a20060512d1870 |||y0rusy50 ca | ||
| 101 | 0 | _arus | |
| 102 | _aRU | ||
| 105 | _ay z ||||| | ||
| 200 | 1 |
_aО новейшем устройстве моего поляристробометра (сахариметра, диабетометра) _eСт. акад. Г.И. Вильда _e(Чит. 8 апр. 1869 г.) |
|
| 210 |
_a[Санкт-Петербург] _cтип. Имп. Акад. наук _dценз. 1870 |
||
| 215 |
_a16 с. _d25 |
||
| 309 | _aБез тит. л. и обл. | ||
| 700 | 1 |
_aВильд _bГ. И. _f1833-1902 _gГенрих Иванович |
|
| 801 | 0 |
_aRU _bNLR _gpsbo |
|
| 801 | 0 |
_aRU _bRuMoRGB _2psbo |
|
| 801 | 1 |
_aRU _bProSoft-M _2rusmarc |
|
| 852 |
_aNLR _j18.18.1.147 |
||
| 899 |
_aRuMoRGB _jF 94/171 |
||
| 899 | _aБАН | ||
| 899 | _aНБ СПбГУ | ||
| 942 | _cBOOK | ||
| 980 | _aNB | ||